Города Ленинградской области - Statistics

General Stats
  • This quiz has been taken 316 times
  • The average score is 20 of 36
Answer Stats
Население Город % Correct
91 719 Гатчина
89%
71 279 Выборг
85%
112 536 Мурино
80%
48 807 Кингисепп
77%
63 462 Сосновый Бор
68%
9552 Ивангород
67%
13 850 Шлиссельбург
66%
66 310 Кудрово
65%
37 015 Луга
64%
53 932 Тихвин
63%
37 539 Волхов
62%
78 011 Всеволожск
59%
15 480 Бокситогорск
59%
18 444 Лодейное Поле
57%
32 074 Тосно
55%
71 614 Сертолово
53%
49 631 Кириши
53%
33 514 Сланцы
51%
26 986 Кировск
51%
18 235 Приозерск
51%
7147 Новая Ладога
51%
1121 Высоцк
51%
12 283 Сясьстрой
50%
6334 Приморск
47%
25 258 Отрадное
45%
4321 Любань
45%
13 419 Светогорск
43%
15 512 Подпорожье
42%
7009 Каменногорск
42%
11 433 Волосово
40%
22 428 Бугры
39%
20 161 Пикалёво
38%
13 836 Колтуши
38%
21 382 Никольское
37%
25 706 Коммунар
36%
23 986 Тельмана
36%
No matching quizzes found
Score Distribution
Percent of People with Each Score
Percentile by Number Answered
Your Score History
You have not taken this quiz